000 00856 a2200265 4500
999 _c200042453
_d35350
001 200042453
003 TR-AnTOB
005 20240916111240.0
008 110906s2003 tu 000 0
020 _a9757382221
040 _aTR-AnTOB
_beng
_cTR-AnTOB
_erda
041 _atur
050 _aPL243.K66
_bK669 2003
090 _aPL243.K66 K669 2003
111 _976567
_aKonya'da Düşünce Ve Edebiyat
_d(2003 :
_cKonya)
245 0 _aKonya'da düşünce ve edebiyat : /
_ced: Ahmet Kazım Ürün.
264 1 _aKonya :
_bTYB,
_c2003.
300 _a299p. ;
_bill.;
_c23 cm.
650 0 _aTürk edebiyatı
_zTürkiye
_zKonya
_vKongreler
_976568
651 0 _aKonya İli (Türkiye)
_xEntellektüel yaşam
_vKongreler
_976569
700 _aÜrün, Ahmet kazım
_976565
710 _aTürkiye yazarlar birliği.
_bKonya şubesi
_976566
942 _cBK
_2lcc